000 00376nam a2200145Ia 4500
001 60781
008 080101n ii |||gr||||Z||||||asm
082 _a891.4323
100 _aVasantananda, Swami,
_eAuthor.
245 0 _aMundukyopanishad
_cby Swami Vasantananda
_hTextual Documents
300 _a115pg:
_c23cm.
653 _aAssamese
653 _aG-Assamese
942 _2ddc
_cBK
999 _c61903
_d61903